000 00706nam a2200217Ia 4500
003 GCL
008 140319s9999 xx 000 0 ara d
040 _aGCL /
_cGCL
082 0 4 _a811.009
_bش ت
100 1 _aشكرى فيصل
245 1 0 _aتطور الغزل بين الجاهلية والاسلام من امرى القيس الى ابن ابى ربيعة /
_cشكرى فيصل
260 _a[S.N] :
_bدار العلم للملايين ،
_c1986
300 _a591 ص
490 _a
650 0 4 _aالشعر العربى
650 0 4 _aالادب العربى
650 0 4 _aالعصر الجاهلى
650 0 4 _aالشعر الغزلى
650 0 4 _aتاريخ ونقد
942 _2ddc
_cBK
999 _c35083
_d35083